| 000 | 01339nam a2200373 i 4500 | ||
|---|---|---|---|
| 001 | 184119 | ||
| 003 | ES-MaACL | ||
| 005 | 20240308100100.0 | ||
| 008 | 150318s1958 sp |||| | spa d | ||
| 080 | _a821.133.1-31"19"(082.2) | ||
| 245 | 0 | 4 |
_aLos Premios Goncourt de novela. _n4. |
| 260 |
_aBarcelona : _bJosé Janés, _c1958. |
||
| 300 |
_a1798 p. ; _c18 cm. |
||
| 490 | 1 |
_aLos premios Goncourt de novela ; _v4 |
|
| 505 | 8 |
_aContiene: ; _tGentes de mar / _rMarc Elder. -- _tLa madreselva / _rThierry Sandre. -- _tEl orden / _rMarcel Arland. -- _tLos lobos / _rGuy Mazeline. -- _tLargas vacaciones / _rFrancis Ambrière. -- _tViento de marzo / _rHenri Pourrat |
|
| 596 | _aEn anteport.: Académie Goncourt. | ||
| 650 | 0 |
_aNovela francesa _yS.XX _9235492 |
|
| 700 | 1 |
_aElder, Marc. _946913 |
|
| 700 | 1 |
_aSandre, Thierry. _9103118 |
|
| 700 | 1 |
_aArland, Marcel. _922893 |
|
| 700 | 1 |
_aMazeline, Guy. _979472 |
|
| 700 | 1 |
_aAmbrière, Francis. _9156593 |
|
| 700 | 1 |
_aPourrat, Henry. _9156594 |
|
| 740 | 0 | _aGentes de mar. | |
| 740 | 3 | _aLa madreselva. | |
| 740 | 3 | _aEl orden. | |
| 740 | 4 | _aLos lobos. | |
| 740 | 0 | _aLargas vacaciones. | |
| 740 | 0 | _aViento de marzo. | |
| 830 | 0 |
_aLos premios Goncourt de novela ; _v4 _9192046 |
|
| 852 |
_aES-MaACL _jE-15506 _z. - enc. piel |
||
| 942 | _2udc | ||
| 999 |
_c184119 _d184119 |
||